Every Two Word Country - Statistics

General Stats
  • This quiz has been taken 318 times
    308 since last reset
  • The average score is 20 of 24
Answer Stats
Answer % Correct
South Korea
95%
New Zealand
94%
North Korea
92%
South Sudan
92%
South Africa
91%
Dominican Republic
87%
El Salvador
86%
Marshall Islands
86%
United Kingdom
86%
San Marino
85%
Solomon Islands
85%
Vatican City
84%
Saint Lucia
83%
East Timor
82%
Costa Rica
80%
Cape Verde
79%
Equatorial Guinea
79%
Guinea-Bissau
79%
Burkina Faso
78%
Saudi Arabia
77%
Sri Lanka
76%
Cote D'ivoire
75%
Sierra Leone
71%
United States
70%
No matching quizzes found
Score Distribution
Percent of People with Each Score
Percentile by Number Answered
Your Score History
You have not taken this quiz since the last reset